LES TROIS JEUNES FILLES DE VIENNE

LIVRE DE PONCHE No.1465

-д хадгалсан:
Номзүйн дэлгэрэнгүй
Үндсэн зохиолч: Decrest, Jacques (autor)
Формат: Ном
Шошгууд: Шошго нэмэх
Шошго байхгүй, Энэхүү баримтыг шошголох эхний хүн болох!

MARC

LEADER 00000nam^a2200000^a^4500
001 000202754
005 20250521000000.0
009 20260310102949.899
035 |a 021157 
037 |a Acervo Xavier Clavigero 
082 |a 808. 1  |b DEC 
100 |a Decrest, Jacques  |e (autor) 
245 1 4 |a LES TROIS JEUNES FILLES DE VIENNE 
264 |a PARIS :  |b DESCONOCIDA,  |c 1965 
336 |a texto  |b txt  |2 rdacontenido 
337 |a sin mediación  |b n  |2 rdamedio 
338 |a volumen  |b nc  |2 rdasoporte 
520 |a LIVRE DE PONCHE No.1465 
649 |a XX 
910 |a Fondo General 
920 |a Impresos - Libros 
930 |a Colección General 
940 |a Literatura 
905 |a 101 
901 |a 021157  |b IT1  |c LIT  |i 021157  |u 20250521 
902 |a https://opac.biblio.iteso.mx/vufind/Record/000202754